<?xml version="1.0" encoding="UTF-8"?>
<marc:record xmlns:marc="http://www.loc.gov/MARC21/slim">
   <marc:leader>00000nam a2200000 a 4500</marc:leader>
   <marc:datafield ind1="0" ind2="0" tag="245">
      <marc:subfield code="a">Bennis bunte Blumen [Spiel]</marc:subfield>
   </marc:datafield>
   <marc:datafield ind1="0" ind2="0" tag="245">
      <marc:subfield code="b">ein kunterbuntes Sammel-Laufspiel für 2 bis 4 kleine Gärtner von 4 bis 8 Jahren</marc:subfield>
   </marc:datafield>
   <marc:datafield ind1=" " ind2="1" tag="264">
      <marc:subfield code="a">Bad Rodach, D.</marc:subfield>
      <marc:subfield code="b">Haba</marc:subfield>
      <marc:subfield code="c">2013</marc:subfield>
   </marc:datafield>
   <marc:datafield ind1="1" ind2=" " tag="520">
      <marc:subfield code="a">Eichhörnchen Benni und seine Freunde haben den schönsten Garten im ganzen Wald. Sie hegen und pflegen ihre bunte Blumen so gut, dass sie einfach überall sprießen und gedeihen, sogar in Turnschuhen und Kochtöpfen! Wer mag auch so ein guter Gärtner sein und den Eichhörnchen beim Säen der Blumensamen und Gießen der Pflänzchen helfen? Und wer schafft es, als Erster alle seine Blumen zum Blühen zu bringen</marc:subfield>
   </marc:datafield>
   <marc:datafield ind1=" " ind2=" " tag="020">
      <marc:subfield code="a">4010168049878</marc:subfield>
      <marc:subfield code="9">4010168049878</marc:subfield>
   </marc:datafield>
   <marc:datafield ind1=" " ind2=" " tag="041">
      <marc:subfield code="a">ger</marc:subfield>
   </marc:datafield>
   <marc:datafield ind1=" " ind2=" " tag="500">
      <marc:subfield code="a">1 Spielplan, 4 Eichhörnchen (rot, blau, orange, lila), 2 Sonderwürfel (1Punkte- u. 1 Symbolwürfel), 12 Blumensamen (je 4 Holzringe in rot, blau, orange, lila), 12 Pflänzchen (grüner Blumenstiel), 12 Blütenplättchen (je 4 Blütenchips in rot, blau, orange, </marc:subfield>
   </marc:datafield>
   <marc:datafield ind1="0" ind2=" " tag="490">
      <marc:subfield code="v">0</marc:subfield>
   </marc:datafield>
   <marc:datafield ind1=" " ind2=" " tag="338">
      <marc:subfield code="a">Gegenstand</marc:subfield>
   </marc:datafield>
</marc:record>
